|
|
|
|
| LEADER |
01493nam a22002897a 4500 |
| 001 |
33050 |
| 003 |
BD-DhAAL |
| 005 |
20180506163634.0 |
| 008 |
180506t2017 bg a|||| b|||l00| 0 ben d |
| 999 |
|
|
|c 39322
|d 39322
|
| 020 |
|
|
|a 9789843426482
|
| 040 |
|
|
|a BD-DhAAL
|
| 041 |
|
|
|a BEN
|a ENG
|
| 082 |
|
|
|a 352.007205492
|
| 245 |
|
|
|a এনআইএলজি'র গবেষণা কার্যক্রম :
|n ২০১৫-২০১৬
|
| 260 |
|
|
|a ঢাকা :
|b জাতীয় স্থানীয় সরকার ইনস্টিটিউট,
|c ২০১৭
|
| 300 |
|
|
|a ৪০২ পৃষ্ঠা :
|b চিত্র ;
|c ২৮ সে. মি.
|
| 504 |
|
|
|6 বিবলিওগ্রাফী অন্তর্ভুক্ত (পৃষ্ঠা ৪০২)
|
| 526 |
|
|
|a AAL
|
| 541 |
|
|
|a Complementary copy
|e 33050
|
| 650 |
|
|
|a Local government
|x Research
|z Bangladesh
|9 25767
|
| 710 |
|
|
|a জাতীয় স্থানীয় সরকার ইনস্টিটিউট
|9 25768
|
| 710 |
|
|
|a National Institute of Local Government
|9 25769
|
| 852 |
|
|
|a Ayesha Abed Library
|c General Stacks
|
| 942 |
|
|
|2 ddc
|c BK
|
| 952 |
|
|
|0 0
|1 0
|2 ddc
|4 0
|6 352_007205492000000_NIL
|7 0
|9 63248
|a BRACUL
|b BRACUL
|c GEN
|d 2018-05-06
|e Complementary copy
|l 0
|o 352.007205492 NIL
|p 3010033050
|r 2018-05-06
|t 1
|w 2018-05-06
|y BK
|
| 952 |
|
|
|0 0
|1 0
|2 ddc
|4 0
|6 352_007205492000000_NIL
|7 0
|9 63360
|a BRACUL
|b BRACUL
|c GEN
|d 2018-05-06
|e Complementary copy
|l 0
|o 352.007205492 NIL
|p 3010033049
|r 2018-05-21
|t 2
|w 2018-05-06
|y BK
|